000 00422nam a2200157 a 4500
005 20140412111424.0
008 081008s19uu xx 00 eng d
020 _a1-59394-307-5
050 _aTR(GS 372
_bREA 2004
245 _aReading for understanding.
260 _aAshland, Ohio :
_bDisney Interprises,
_c2004.
300 _a31p.
440 _aDisney Learning
650 _aReading comprehension
999 _c106149
_d106149